One Piece : trouve le personnage grâce à son fruit du démon (1) - Statistiques

Statistiques générales
  • Ce quiz a été pris 286 fois
  • Le résultat moyen est 13 sur 15
Statistiques - réponses
Fruit Type de quiz Pouvoir Personnage % Correct
Fruit Gum-gum Paramecia Devient un homme caoutchouc Luffy
100%
Fruit des fils Paramecia Peut créer des fils et les manipuler Doflamingo
96%
Fruit du tremblement Paramecia Provoque des tremblements de terre et des fissures dans l'air Barbe blanche
95%
Fruit de l'humain Zoan Prend les caractéristiques de l'humain Chopper
95%
Fruit fumigène Logia Contrôle la fumée Smoker
95%
Fruit du félin : modèle léopard Zoan Prend les caractéristiques d'un léopard Lucci
93%
Fruit de l'ongulé ; version girafe Zoan Prend les caractéristiques d'une girafe Kaku
92%
Givro-fruit Logia Contrôle la glace Aokiji
91%
Fruit du ressort Paramecia Transforme une partie de son corps en ressorts Bellamy
89%
Fruit du Mochi Paramecia Contrôle et se transforme en mochi Katakuri
88%
Ciro-fruit Paramecia Créer et contrôle de la cire Mr.3
88%
Fruit du ramollo Paramecia Permet de ralentir la personne visée Foxy
79%
Fruit du vêtement Paramecia Permet de créer des vêtements sur les personnes Kinemon
72%
Fruit du lavage Paramecia Permet d'essorer les êtres vivants et de laver leurs cœurs Tsuru
65%
Fruit de la tortue Zoan Prend les caractéristiques d'une tortue Pekoms
49%
Aucun quiz correspondant
Distribution des résultats
% des personnes avec chaque résultat
Percentile par nombre de réponses
Votre historique - résultats
Vous n’avez pas pris ce quiz